Contexto socioculturales de los feminicidios en el Estado de México: nuevas subjetividades femeninas /
El artículo considera que la violencia contra la mujeres en el Estado de México responde a procesos de desafiliación social en las esferas de vida de víctimas y victimarios. Dichos procesos obstaculizan la generación de recursos materiales y simbólicos en hombres y mujeres para enfrentar las reconfi...
Сохранить в:
| Главный автор: | |
|---|---|
| Другие авторы: | |
| Формат: | Текст |
| Предметы: | |
| Online-ссылка: | arbnelson@yahoo.com jimevfigueroa@gmail.com |
| Метки: |
Добавить метку
Нет меток, Требуется 1-ая метка записи!
|
MARC
| LEADER | 00000 a a2200000 04500 | ||
|---|---|---|---|
| 001 | 40395 | ||
| 003 | |||
| 040 | |||
| 100 | |a Arteaga Botello, Nelson | ||
| 245 | |a Contexto socioculturales de los feminicidios en el Estado de México: |b nuevas subjetividades femeninas / |c Nelson Arteaga Botello ; Jimena Valdés Figueroa | ||
| 520 | |a El artículo considera que la violencia contra la mujeres en el Estado de México responde a procesos de desafiliación social en las esferas de vida de víctimas y victimarios. Dichos procesos obstaculizan la generación de recursos materiales y simbólicos en hombres y mujeres para enfrentar las reconfiguraciones de su subjetividad. La violencia homicida contra las mujeres es una respuesta al resquebrajamiento del modelo hegemónico de feminidad y masculinidad. De esta forma, los llamados "feminicidas" se comprenden como sujetos de acción en una serie de procesos de cambio y transformación social y no como meros "dementes" o salvajes desquiciados. | ||
| 590 | |a DISEMINAR052011/RRA/JUNIO2011 | ||
| 650 | |a 1.FEMICIDIO | ||
| 650 | |a 2.MASCULINIDAD | ||
| 650 | |a 3.VIOLENCIA CONTRA LAS MUJERES | ||
| 650 | |a 4.ROLES DE LOS GENEROS | ||
| 650 | |a 5.CAMBIO SOCIAL | ||
| 650 | |a 6.MEXICO | ||
| 700 | |a Valdés Figueroa, Jimena | ||
| 773 | |g volumen72, número1 ( , 2010), páginas 5-35 | ||
| 856 | |u arbnelson@yahoo.com | ||
| 856 | |u jimevfigueroa@gmail.com | ||
| 999 | |c 27200 |d 27200 | ||
